MARC

LEADER 00000nam0a2200000 4500
001 368919
005 20231102012130.0
035 |a (RuTPU)RU\TPU\retro\26301 
090 |a 368919 
100 |a 20220425d1980 km y0rusy50 ca 
101 1 |a rus  |c eng 
102 |a RU 
105 |a a z 001zy 
200 1 |a Жидкостная хроматография при высоких давлениях  |e пер. с англ.  |f Х. Энгельгардт  |g пер. О. Г. Ларионова ; под ред. К. В. Чмутова 
210 |a Москва  |c Мир  |d 1980 
215 |a 246 с.  |c ил. 
320 |a Библиогр.: с. 234 
320 |a Предм. указ.: с. 237-241 
606 1 |a Хроматография жидкостная  |2 stltpush  |3 (RuTPU)RU\TPU\subj\73824  |9 86581 
610 1 |a высокие давления 
610 1 |a биологические объекты 
610 1 |a химический анализ 
610 1 |a эффективные методы 
610 1 |a разделение 
610 1 |a детекторы 
610 1 |a адсорбционная хроматография 
610 1 |a распределительная хроматография 
610 1 |a ионнообменная хроматография 
610 1 |a ситовая хроматография 
610 1 |a растворители 
610 1 |a очистка 
675 |a 543.544.5  |v 4 
700 1 |a Энгельгардт  |b Х. 
702 1 |a Ларионов  |b О. Г.  |4 730 
702 1 |a Чмутов  |b К. В.  |4 340 
801 1 |a RU  |b 63413507  |c 20220425 
801 2 |a RU  |b 63413507  |c 20220425  |g RCR 
942 |c BK